| 000 | 00823nam a22002177a 4500 | ||
|---|---|---|---|
| 008 | 090130t xxu||||| |||| 00| 0 eng d | ||
| 010 | _aENG-92700 | ||
| 020 |
_c150.00 _a9788188161454 (set) |
||
| 020 |
_c150.00 _a9788188161461 (v.1) |
||
| 035 | _aEN-76233 | ||
| 037 | _bDBAD / PUB | ||
| 040 |
_adpl _bEnglish |
||
| 082 | _a230.53 | ||
| 100 | _aAlmel, Seema | ||
| 245 |
_aiGuruji: _binformal talks with Guruji / _cby Seema Almel |
||
| 260 |
_aBangalore Urban _bManasa Foundation _c2008 |
||
| 270 |
_aTaponagara, Chikkagubbi _bBangalore Urban _e562149 |
||
| 300 |
_aix, 149p. _c21cm (pbk) |
||
| 942 |
_2ddc _cEN _mALM _h230.53 |
||
| 999 |
_c22670 _d22670 |
||